| 000 | 00500nam a2200157Ia 4500 | ||
|---|---|---|---|
| 008 | 220216s9999 xx 000 0 und d | ||
| 100 | _aTillekeratne L M K | ||
| 245 | 0 | _aStudy of the rate of dissolution of different grades of latex crepe rubbers in petroleum solvents | |
| 260 |
_bJournal of the Rubber Research Institute of Sri Lanka _c1987 |
||
| 300 | _a27-31 | ||
| 650 | _aLatex crepe rubber | ||
| 650 | _aPetroleum solvents | ||
| 700 | _aPerera M C S | ||
| 700 | _aWeeraman S | ||
| 942 | _cJS | ||
| 999 |
_c69814 _d69814 |
||